Statistiques concernant Communes les plus peuplées de l'Yonne

Cliquez ici pour prendre le quiz!

Statistiques générales

  • Ce quiz a été pris 93 fois
  • Le résultat moyen est 9 sur 20

Statistiques - réponses

HintRéponse% Correct
33356Auxerre
99%
25205Sens
96%
9127Joigny
82%
6843Avallon
77%
4369Tonnerre
76%
6746Migennes
64%
2810Toucy
55%
5423Villeneuve sur Yonne
55%
3130Appoigny
50%
4243Monéteau
50%
4427Saint Florentin
50%
3595Pont sur Yonne
44%
5199Paron
36%
2745Saint Clément
27%
3140Saint Georges sur Baulche
24%
3636Villeneuve la Guyard
19%
5103Charny Orée de Puisaye
17%
3148Brienon sur Armançon
13%
2431Chény
8%
2888Montholon
4%

Distribution des résultats

Percentile par nombre de réponses

% des personnes avec chaque résultat

Votre développement - résultats

Vous n’avez pas pris ce quiz